[Event "Kowalewo Pomorskie op-B"]
[Site "Kowalewo Pomorskie"]
[Date "2008.07.09"]
[Round "7.30"]
[White "Ostrowski, Dariusz"]
[Black "Kochanska, Bogumila"]
[Result "1-0"]
[WhiteElo "1819"]
[BlackElo "1746"]
[PlyCount "50"]
[EventDate "2008.07.04"]
[EventType "swiss"]
[EventRounds "9"]
[EventCountry "POL"]
[SourceTitle "EXT 2023"]
[Source "ChessBase"]
[SourceDate "2022.10.05"]
[SourceVersion "1"]
[SourceVersionDate "2022.10.05"]
[SourceQuality "1"]

1. e4 e5 2. Nc3 Bc5 3. Nf3 Nc6 4. Nxe5 Nxe5 5. d4 Bd6 6. dxe5 Bxe5 7. f4 Bxc3+ 8. bxc3 Nf6 9. Bd3 0-0 10. e5 Qe7 11. 0-0 Qc5+ 12. Kh1 Nd5 13. Rf3 d6 14. Rg3 f5 15. exf6 Rxf6 16. Qh5 g6 17. Bxg6 Rxg6 18. Rxg6+ hxg6 19. Qxg6+ Kf8 20. f5 Qxc3 21. Bh6+ Ke7 22. Bg7 Qe3 23. f6+ Kd7 24. f7 Nf4 25. Qg5 Qe4 1-0